Paper flowers / (Record no. 55421)

MARC details
000 -LEADER
fixed length control field 00755nam a22002297a 4500
005 - DATE AND TIME OF LATEST TRANSACTION
control field 20110816122752.0
008 - FIXED-LENGTH DATA ELEMENTS--GENERAL INFORMATION
fixed length control field 110816t xxu||||| |||| 00| 0 eng d
010 ## - LCCN (DPL NO)
LC control number ENG-103488
020 ## - INTERNATIONAL STANDARD BOOK NUMBER
International Standard Book Number 9788183683838
Terms of availability 300.00
035 ## - SYSTEM CONTROL NUMBER
System control number EN-87021
037 ## - SOURCE OF ACQUISITION
Source of stock number/acquisition DBAD/PUB
040 ## - CATALOGING SOURCE
Original cataloging agency DPL
Language of cataloging Eng
082 ## - DEWEY DECIMAL CLASSIFICATION NUMBER
Classification number N
100 ## - MAIN ENTRY--PERSONAL NAME
Personal name Aadhavan
9 (RLIN) 32849
245 ## - TITLE STATEMENT
Title Paper flowers /
Statement of responsibility, etc by Aadhavan ; translated from Tamil by Gomathi Narayanan
260 ## - PUBLICATION, DISTRIBUTION, ETC. (IMPRINT)
Place of publication, distribution, etc Chennai
Name of publisher, distributor, etc New Horizon Media
Date of publication, distribution, etc 2007
270 ## - ADDRESS
Address 33/15,Eldams Road,
City Chennai
Postal code 600018
300 ## - PHYSICAL DESCRIPTION
Extent 405p
Dimensions 22cm (pbk)
700 ## - ADDED ENTRY--PERSONAL NAME
Personal name Narayanan,Gomathi
9 (RLIN) 32850
942 ## - ADDED ENTRY ELEMENTS (KOHA)
Source of classification or shelving scheme Dewey Decimal Classification
Item type English Books
Classification part N
Call number suffix AAD
Holdings
Withdrawn status Lost status Source of classification or shelving scheme Damaged status Not for loan Collection code Home library Current library Date acquired Source of acquisition Cost, normal purchase price Total Checkouts Full call number Barcode Date last seen Copy number Cost, replacement price Koha item type
    Dewey Decimal Classification   Not For Loan Fiction D.B.Act.Division D.B.Act.Division 16/08/2011 DBAD / PUB 300.00   N AAD EN-87021 16/08/2011 1 300.00 English Books

© Delhi Public Library
Hit Counter
free hit counter